[Event "Beacon Seniors op"]
[Site "Exmouth"]
[Date "2006.11.14"]
[Round "2"]
[White "Desmedt, Richard E"]
[Black "Patching, Geoffrey R"]
[Result "1-0"]
[WhiteElo "1568"]
[BlackElo "960"]
[PlyCount "59"]
[EventDate "2006.11.13"]
[EventType "swiss"]
[EventRounds "5"]
[EventCountry "ENG"]
[SourceTitle "EXT 2008"]
[Source "ChessBase"]
[SourceDate "2007.11.25"]
[SourceVersion "1"]
[SourceVersionDate "2007.11.25"]
[SourceQuality "1"]

1. d4 d5 2. e3 Nf6 3. f4 Bg4 4. Nf3 Bxf3 5. Qxf3 e6 6. Bd3 g6 7. 0-0 Bg7 8. Nd2 0-0 9. Qh3 Nbd7 10. Nf3 h6 11. c3 c6 12. Ne5 Nxe5 13. fxe5 Nd7 14. e4 f6 15. exf6 Nxf6 16. e5 Ne4 17. Bxh6 Bxh6 18. Qxh6 Rxf1+ 19. Rxf1 Qg5 20. Qxg5 Nxg5 21. Bxg6 Kg7 22. Bd3 a5 23. Rf6 Re8 24. Rg6+ Kf7 25. Rxg5 Rg8 26. Rxg8 Kxg8 27. Bg6 b6 28. b4 Kg7 29. bxa5 bxa5 30. Be8 1-0

[Event "Beacon Seniors op"]
[Site "Exmouth"]
[Date "2006.11.13"]
[Round "1"]
[White "Herschmann, Heinz"]
[Black "Desmedt, Richard E"]
[Result "0-1"]
[WhiteElo "1280"]
[BlackElo "1568"]
[PlyCount "56"]
[EventDate "2006.11.13"]
[EventType "swiss"]
[EventRounds "5"]
[EventCountry "ENG"]
[SourceTitle "EXT 2008"]
[Source "ChessBase"]
[SourceDate "2007.11.25"]
[SourceVersion "1"]
[SourceVersionDate "2007.11.25"]
[SourceQuality "1"]

1. d4 d5 2. c4 e6 3. e3 f5 4. Nf3 Nf6 5. Nc3 c6 6. Bd2 Bd6 7. h3 0-0 8. c5 Bc7 9. Be2 Nbd7 10. 0-0 Ne4 11. a3 e5 12. b4 Nxc3 13. Bxc3 e4 14. Nh2 Qg5 15. Bd2 f4 16. exf4 Bxf4 17. Bxf4 Rxf4 18. Qd2 Rg4 19. Qxg5 Rxg5 20. Kh1 Nf6 21. Rae1 Bd7 22. f4 Rg3 23. Ra1 Re8 24. Rf2 e3 25. Nf1 exf2 26. Nxg3 Ne4 27. Nf1 Nc3 28. Bd3 Re1 0-1